000
00331nam a2200145Ia 4500
008
150201s2010 xx 000 0 und d
082
_a
610.7
_b
B10P
100
_a
POTTER, PATRICIA A.
245
_a
BASIC NURSING
250
_a
7TH
260
_b
ELSEVIER
_a
INDIA
_c
2010
300
_a
1227
650
_a
NURSING
942
_2
ddc
_c
BK
_0
26
999
_c
2140
_d
2140